Practice in entrepreneurship and finance (Record no. 1205)

MARC details
000 -LEADER
fixed length control field 00452nam a2200169Ia 4500
008 - FIXED-LENGTH DATA ELEMENTS--GENERAL INFORMATION
fixed length control field 230917s9999||||xx |||||||||||||| ||und||
020 ## - ISBN
Price RS 695.00
040 ## - CATALOGING SOURCE
-- 5011677
Original cataloging agency VIVEKANANDA LIBRARY
041 ## - Language
-- English
082 ## - DDC NUMBER
Classification number 658.421 B227P
100 ## - MAIN ENTRY--PERSONAL NAME
Personal name Bansal, Sanjeev
245 #0 - TITLE STATEMENT
Title Practice in entrepreneurship and finance
260 ## - PUBLICATION, DISTRIBUTION, ETC. (IMPRINT)
Place of publication, distribution, etc New Delhi
Name of publisher, distributor, etc Manakin Press
Date of publication, distribution, etc 2017
300 ## - PHYSICAL DESCRIPTION
Pages vi, 168 p.
500 ## - GENERAL NOTE
General note 3939 03/01/2020 HBD20/8160 14/01/2020
942 ## - ADDED ENTRY ELEMENTS (KOHA)
Koha item type Books
Holdings
Withdrawn status Lost status Damaged status Not for loan Location (home branch) Sublocation or collection (holding branch) Shelving location Date acquired Koha issues (times borrowed) Koha full call number Accession No. Koha date last seen Koha item type
        VIVEKANANDA LIBRARY VIVEKANANDA LIBRARY IMSAR Library 23/01/2020   658.421 B227P 395996 17/09/2023 Books
        VIVEKANANDA LIBRARY VIVEKANANDA LIBRARY IMSAR Library 23/01/2020   658.421 B227P 395997 17/09/2023 Books
© Designed and Maintained by Vivekananda Library, MDU Rohtak